[Event "AUTO-OPEN-1668"]
[Site "http://www.queenalice.com/game.php?id=641866"]
[Date "2009.8.24"]
[Round "1"]
[White "Marcos1"]
[Black "jope"]
[Result "0-1"]
[WhiteElo "1454"]
[BlackElo "1754"]

1. e4 c5 2. d4 cxd4 3. Qxd4 Nc6 4. Qe3 a6 5. Nf3 e5 6. a3 g6 7. Qb3 Nf6 8. Qd3
Bg7 9. Be2 O-O 10. O-O d6 11. Nc3 Be6 12. Ng5 h6 13. Nxe6 fxe6 14. a4 d5 15. b3
d4 16. Nd1 Ne7 17. Ba3 Rf7 18. c3 dxc3 19. Qxc3 Nxe4 20. Qc2 Ng5 21. Bxe7 Rxe7
22. Qxg6 Qd4 23. Rc1 Qf4 24. Qc2 Rf8 25. g3 Qd4 26. Ne3 Qe4 27. Bg4 Nf3+ 28.
Bxf3 Qxf3 0-1

[Event "AUTO-OPEN-1668"]
[Site "http://www.queenalice.com/game.php?id=641867"]
[Date "2009.8.24"]
[Round "1"]
[White "jope"]
[Black "Marcos1"]
[Result "1-0"]
[WhiteElo "1708"]
[BlackElo "1426"]

1. e4 e5 2. Nf3 Nc6 3. Bc4 f6 4. Nc3 d6 5. h3 a6 6. O-O b5 7. Be2 Nge7 8. d3 d5
9. exd5 Nxd5 10. Nxd5 Be6 11. Ne3 g6 12. Bd2 Bd6 13. a3 O-O 14. Nh2 f5 15. g3 f4
16. Ng2 Bxh3 17. Bg4 Bxg2 18. Kxg2 h5 19. Bf3 Qd7 20. Bd5+ Kh7 21. Be4 Rab8 22.
gxf4 exf4 23. Qxh5+ Kg8 24. Qxg6+ Kh8 25. Ng4 Rf7 26. Qh6+ Kg8 27. Nf6+ Rxf6 28.
Qxf6 Rf8 29. Qg5+ 1-0

[Event "Challenge"]
[Site "http://www.queenalice.com/game.php?id=655407"]
[Date "2009.9.20"]
[Round "-"]
[White "elgabydespega"]
[Black "Marcos1"]
[Result "1-0"]
[WhiteElo "1742"]
[BlackElo "1495"]

1. e4 e5 2. Nf3 Nc6 3. Bb5 Na5 4. O-O Bd6 5. b4 c6 6. Be2 Bxb4 7. c3 Bc5 8. d4
Be7 9. Nxe5 d6 10. Ng4 b6 11. f4 f6 12. f5 d5 13. e5 Bxf5 14. Rxf5 g6 15. Rf1 f5
16. Nh6 Nxh6 17. Bxh6 c5 18. Bb5+ Kf7 19. Na3 a6 20. Bd3 c4 21. Bxf5 Bxa3 22.
Bd7+ Ke7 23. Bg5+ Kxd7 24. Bxd8 Raxd8 25. Qa4+ Kc8 26. Qxa3 h5 27. Rf7 Rhg8 28.
Qe7 Nc6 29. Qc7# 1-0

[Event "Challenge"]
[Site "http://www.queenalice.com/game.php?id=655789"]
[Date "2009.9.21"]
[Round "-"]
[White "italomachado"]
[Black "Marcos1"]
[Result "0-1"]
[WhiteElo "1431"]
[BlackElo "1439"]

1. e4 e5 2. Qf3 Nc6 3. Bc4 Nf6 4. g4 h6 5. Qh3 Nxe4 6. Qf3 d5 7. Bb3 Nf6 8. Ne2
Bxg4 9. Qg2 Bc5 10. h3 Bf5 11. Ng3 g6 12. O-O Qd7 13. Re1 d4 14. Ba4 O-O 15.
Rxe5 Bd6 16. Rxf5 Bxg3 17. Qxg3 Qxf5 18. d3 Ne5 19. Kf1 Nh5 20. Qg1 Nf3 21. Qg2
c6 22. Ke2 Rae8+ 23. Be3 dxe3 24. fxe3 Nh4 25. Qg1 Qxh3 26. Nc3 Ng3+ 27. Qxg3
Qxg3 28. e4 Qf3+ 29. Kd2 Qf2+ 30. Ne2 Nf3+ 31. Kc3 Qxe2 32. b4 Rc8 33. Kb2 c5
34. Ka3 Nd4 35. Rc1 c4 36. dxc4 Rxc4 37. c3 Nf3 38. Bd1 Qe3 39. Rc2 Ne5 40. Ka4
Rxc3 41. Re2 Ra3+ 42. Kb5 Qb6# 0-1

[Event "Challenge"]
[Site "http://www.queenalice.com/game.php?id=659774"]
[Date "2009.9.28"]
[Round "-"]
[White "landscapsy"]
[Black "Marcos1"]
[Result "0-1"]
[WhiteElo "1667"]
[BlackElo "1314"]

1. d4 d5 2. c4 dxc4 3. e4 Nc6 4. d5 Ne5 5. Bf4 f6 6. Bxe5 fxe5 7. Bxc4 Nf6 8.
Nc3 Bd7 9. Nf3 b5 10. Bd3 a6 11. a3 e6 12. Nxe5 Bd6 13. Nxd7 Qxd7 14. Bc2 O-O
15. O-O Be5 16. Kh1 Rad8 17. f4 Bxc3 18. bxc3 exd5 19. e5 Ng4 20. f5 Nxe5 21.
Qe2 Rde8 22. Qh5 Rf6 23. Rad1 Rh6 24. Qg5 Nf7 25. Qg4 Qd6 26. Bb3 c6 27. Bc2
Qxh2# 0-1

[Event "Challenge"]
[Site "http://www.queenalice.com/game.php?id=662650"]
[Date "2009.10.4"]
[Round "-"]
[White "otnedia1"]
[Black "Marcos1"]
[Result "1-0"]
[WhiteElo "1554"]
[BlackElo "1513"]

1. e4 e5 2. Nf3 Nc6 3. Nc3 d6 4. Bb5 Bd7 5. O-O Nf6 6. d3 Be7 7. Be3 a6 8. Bxc6
Bxc6 9. b4 b5 10. Bg5 Nd7 11. Qc1 h6 12. Bxe7 Qxe7 13. a4 bxa4 14. Nxa4 O-O 15.
Re1 Rab8 16. c3 Nb6 17. Nxb6 Rxb6 18. c4 Rxb4 19. Rb1 Ra4 20. d4 exd4 21. e5
Bxf3 22. gxf3 dxe5 23. Re2 Qe6 24. f4 exf4 25. Rxe6 fxe6 26. Qd1 e5 27. Qxa4 e4
28. Qxa6 Rf6 29. Qc8+ Rf8 30. Qxc7 e3 31. fxe3 fxe3 32. Rb8 e2 33. Rxf8+ Kxf8
34. Kf2 d3 35. Qd8+ Kf7 36. Qxd3 1-0

[Event "AUTO-OPEN-1746"]
[Site "http://www.queenalice.com/game.php?id=676734"]
[Date "2009.11.2"]
[Round "1"]
[White "mestre_leonardo"]
[Black "Marcos1"]
[Result "1-0"]
[WhiteElo "1676"]
[BlackElo "1500"]

1. e4 e5 2. Nf3 Nc6 3. Bc4 Nf6 4. O-O h6 5. Nc3 Bc5 6. d3 O-O 7. Bb5 Ne7 8. Nxe5
d6 9. Nf3 a6 10. Ba4 b5 11. Bb3 b4 12. Na4 Qe8 13. Nxc5 dxc5 14. Bf4 Qd7 15. Ne5
Qd8 16. Qf3 Be6 17. Bxe6 fxe6 18. Qg3 Qe8 19. Nc4 Qc8 20. Bxc7 Nd7 21. Bd6 Rf7
22. Bxe7 Rxe7 23. Qh4 Qf8 24. Qh3 Qf6 25. Rab1 a5 26. Rfe1 e5 27. Re3 g5 28. Rf3
Qg6 29. Re3 Rf7 30. a3 h5 31. axb4 axb4 32. f3 h4 33. c3 Rb8 34. cxb4 Rxb4 35.
Ra1 Rb5 36. Ra8+ Kg7 37. Ra7 Nb6 38. Rxf7+ Qxf7 39. Nxe5 Qe8 40. Qf5 Qe7 41.
Qg6+ Kf8 42. Qh6+ Ke8 43. Qg6+ Kf8 44. Qh6+ Kg8 45. Ng6 Qf6 46. e5 Qf7 47. Qh8#
1-0

[Event "AUTO-OPEN-1746"]
[Site "http://www.queenalice.com/game.php?id=676735"]
[Date "2009.11.2"]
[Round "1"]
[White "Marcos1"]
[Black "mestre_leonardo"]
[Result "0-1"]
[WhiteElo "1554"]
[BlackElo "1614"]

1. d4 Nf6 2. c4 e6 3. c5 b6 4. cxb6 axb6 5. Nf3 Bb4+ 6. Bd2 Bxd2+ 7. Nfxd2 O-O
8. e3 c5 9. Bc4 cxd4 10. exd4 Nc6 11. Nb3 d5 12. Bd3 e5 13. dxe5 Nxe5 14. O-O
Nxd3 15. Qxd3 Ba6 16. Qd1 Bxf1 17. Qxf1 Qd6 18. g3 Qe5 19. Nc3 d4 20. Re1 Qh5
21. Ne4 Ng4 22. h4 Rxa2 23. Rb1 Qe5 24. f3 Ne3 25. Qd3 f5 26. f4 fxe4 27. Qc4+
Qd5 28. Qb4 d3 29. Kf2 Ng4+ 30. Ke1 e3 31. h5 Qh1# 0-1

[Event "AUTO-OPEN-1746"]
[Site "http://www.queenalice.com/game.php?id=676760"]
[Date "2009.11.2"]
[Round "1"]
[White "Marcos1"]
[Black "falekhine"]
[Result "0-1"]
[WhiteElo "1554"]
[BlackElo "2022"]

1. d4 c5 2. d5 e6 3. c4 exd5 4. cxd5 d6 5. e4 Nf6 6. Nc3 a6 7. h3 g6 8. f3 Nh5
9. Bd2 Qh4+ 10. Ke2 Ng3+ 11. Ke3 Nxh1 12. Be1 Bh6+ 13. Kd3 Qf4 14. Bd2 Qe5 15.
Kc2 Bg7 16. Be1 Ng3 17. Bd3 Bd7 18. Rc1 b5 19. a3 b4 20. axb4 Ba4+ 21. b3 Bb5
22. bxc5 O-O 23. Bxb5 axb5 24. b4 Nf1 25. Qd3 Rc8 26. Nge2 dxc5 27. bxc5 Rxc5
28. Bf2 Ra2+ 29. Kd1 Rd2+ 30. Qxd2 Nxd2 31. Kxd2 Rc4 32. Bd4 Rxd4+ 33. Nxd4 Bh6+
34. Kc2 Bxc1 35. Kxc1 Qxd4 0-1

[Event "AUTO-OPEN-1746"]
[Site "http://www.queenalice.com/game.php?id=676761"]
[Date "2009.11.2"]
[Round "1"]
[White "falekhine"]
[Black "Marcos1"]
[Result "1-0"]
[WhiteElo "2015"]
[BlackElo "1554"]

1. d4 d5 2. c4 c6 3. a4 a5 4. Nc3 h6 5. Nf3 Nf6 6. Bf4 Nbd7 7. cxd5 cxd5 8. e3
e6 9. Bb5 Be7 10. O-O O-O 11. Bd3 Bb4 12. Nb5 b6 13. Rc1 Ba6 14. Qe2 Bxb5 15.
axb5 Nh5 16. Bc7 Qe8 17. Ne5 Nhf6 18. f4 Ra7 19. Bb1 Qc8 20. Bxb6 Qb7 21. Bxa7
Qxa7 22. Nc6 Qb7 23. Qd3 g6 24. Rf3 Ne4 25. g4 Rc8 26. f5 exf5 27. gxf5 g5 28.
Rh3 Kh7 29. Qe2 Ndf6 30. Bxe4 dxe4 31. Qg2 Kg7 32. Qe2 Rh8 33. Ne5 Kf8 34. Qc4
Ne8 35. Nc6 Qd7 36. Nxb4 axb4 37. Qxb4+ Nd6 38. b6 Kg7 39. Rc7 Qd8 40. Qc5 h5
41. Rg3 g4 42. h3 Qf6 43. hxg4 hxg4 44. Rxg4+ Kh7 45. Qc2 Qh6 46. Qh2 Qxh2+ 47.
Kxh2 Rb8 48. f6 Rxb6 49. Rc5 Rxb2+ 50. Kg3 Kh6 51. Rc1 Nf5+ 52. Kf4 Rf2+ 53.
Kxe4 Kh5 54. Rg8 Nd6+ 55. Ke5 Nf5 56. e4 Nh4 57. Rcg1 Ng6+ 58. R8xg6 fxg6 59.
Ke6 g5 60. Ke7 Kg6 61. e5 Rf5 62. Ke6 Rf3 63. d5 Rd3 64. d6 Rd2 65. d7 Rd4 66.
Ke7 Re4 67. e6 1-0

[Event "AUTO-OPEN-1769"]
[Site "http://www.queenalice.com/game.php?id=685752"]
[Date "2009.11.19"]
[Round "1"]
[White "Elficolorean"]
[Black "Marcos1"]
[Result "1-0"]
[WhiteElo "1721"]
[BlackElo "1528"]

1. e4 e5 2. Nf3 Qe7 3. Bc4 Nf6 4. d3 h6 5. Nc3 d6 6. Nd5 Qe6 7. Nxc7+ Kd8 8.
Nxe6+ Bxe6 9. Bxe6 fxe6 10. Be3 Nc6 11. O-O d5 12. exd5 exd5 13. Qd2 d4 14. Nxe5
Nxe5 15. Qa5+ b6 16. Qxe5 dxe3 17. fxe3 Rc8 18. Rxf6 Rxc2 19. Rf2 Rc5 20. Qb8+
Rc8 21. Qxa7 b5 22. Qb6+ Rc7 23. Rc1 1-0

[Event "AUTO-OPEN-1769"]
[Site "http://www.queenalice.com/game.php?id=685753"]
[Date "2009.11.19"]
[Round "1"]
[White "Marcos1"]
[Black "Elficolorean"]
[Result "0-1"]
[WhiteElo "1489"]
[BlackElo "1729"]

1. d4 Nf6 2. c4 c5 3. d5 e6 4. g3 b5 5. cxb5 Nxd5 6. Nc3 Qa5 7. Qd3 Bb7 8. f3
Be7 9. Bd2 Nb4 10. Qb1 O-O 11. a3 N4c6 12. bxc6 Nxc6 13. Nd5 Qa4 14. e3 Qb3 15.
a4 Qxd5 16. e4 Qd6 17. Bf4 e5 18. Bc1 Nd4 19. Bc4 Ba6 20. Bd5 Rab8 21. Qc2 Nxc2+
0-1

[Event "AUTO-OPEN-1769"]
[Site "http://www.queenalice.com/game.php?id=685780"]
[Date "2009.11.19"]
[Round "1"]
[White "cazedani"]
[Black "Marcos1"]
[Result "1-0"]
[WhiteElo "1551"]
[BlackElo "1469"]

1. c4 c5 2. Nf3 Nf6 3. d4 Qc7 4. Qa4 e6 5. Nc3 a6 6. e4 cxd4 7. Nxd4 Bd6 8. Ndb5
Qc6 9. Nxd6+ Qxd6 10. Nb5 Qe5 11. Bd3 O-O 12. f4 Qc5 13. e5 Ne8 14. b4 Qe7 15.
Ba3 f6 16. O-O Rf7 17. Rf3 Nc6 18. Nd6 Nxd6 19. exd6 Qd8 20. b5 Nd4 21. Rh3 g6
22. g4 b6 23. Bb2 e5 24. f5 g5 25. Rh5 Bb7 26. Bxd4 exd4 27. Re1 axb5 28. Qc2
Qc8 29. Re7 Rxe7 30. dxe7 Qe8 31. Qe2 bxc4 32. Bxc4+ Kg7 33. h4 d5 34. hxg5 dxc4
35. gxf6+ Kh8 36. Qh2 Qf7 37. Rh6 d3 38. Qc7 Bf3 39. e8=Q+ Rxe8 40. Qxf7 Re1+
41. Kf2 1-0

[Event "AUTO-OPEN-1769"]
[Site "http://www.queenalice.com/game.php?id=685781"]
[Date "2009.11.19"]
[Round "1"]
[White "Marcos1"]
[Black "cazedani"]
[Result "0-1"]
[WhiteElo "1485"]
[BlackElo "1537"]

1. d4 d5 2. h3 Nf6 3. Nf3 Nc6 4. e3 Qd6 5. Bd3 Ne4 6. Nh2 e5 7. f3 Ng3 8. Rg1
exd4 9. f4 Ne4 10. Nf3 Qb4+ 11. Nbd2 Be7 12. Nxd4 Bh4+ 13. Kf1 Nxd4 14. Bxe4
dxe4 15. c3 Qb6 16. exd4 Qg6 17. g3 Bxh3+ 18. Ke1 Bxg3+ 19. Rxg3 Qxg3+ 20. Ke2
Bg4+ 21. Nf3 Bxf3+ 22. Ke3 Bxd1+ 23. Kxe4 Bc2+ 24. Kd5 Rd8+ 25. Kc5 Qg2 26. c4
Rd6 27. d5 O-O 28. a4 Qf2+ 29. Kb4 c5+ 30. Kc3 Re8 31. Bd2 Re2 32. Kxc2 Rxd2+
0-1

[Event "AUTO-OPEN-1769"]
[Site "http://www.queenalice.com/game.php?id=685798"]
[Date "2009.11.19"]
[Round "1"]
[White "rangelzintjf"]
[Black "Marcos1"]
[Result "1-0"]
[WhiteElo "2226"]
[BlackElo "1450"]

1. e4 e5 2. f4 d5 3. exd5 exf4 4. Bc4 Nf6 5. Nc3 Bb4 6. Nge2 a6 7. Nxf4 g5 8.
Qe2+ Be7 9. Nh5 Bg4 10. Nxf6+ Kf8 11. Nxg4 h5 12. Ne5 1-0

[Event "AUTO-OPEN-1769"]
[Site "http://www.queenalice.com/game.php?id=685799"]
[Date "2009.11.19"]
[Round "1"]
[White "Marcos1"]
[Black "rangelzintjf"]
[Result "0-1"]
[WhiteElo "1450"]
[BlackElo "2224"]

1. d4 Nf6 2. c4 g6 3. Nc3 Bg7 4. Bg5 O-O 5. e3 d6 6. Bd3 e5 7. dxe5 dxe5 8. f3
Be6 9. Nge2 Na6 10. O-O Nc5 11. Bc2 Bxc4 12. b3 Qxd1 13. Raxd1 Rad8 0-1

[Event "AUTO-INT-1528"]
[Site "http://www.queenalice.com/game.php?id=688960"]
[Date "2009.11.26"]
[Round "1"]
[White "goldaric"]
[Black "Marcos1"]
[Result "1-0"]
[WhiteElo "1902"]
[BlackElo "1454"]

1. e4 c5 2. d3 b6 3. Nf3 d6 4. Nc3 Nf6 5. Bg5 Bg4 6. Be2 e6 7. O-O h6 8. Bxf6
Qxf6 9. Nd2 Bxe2 10. Qxe2 Be7 11. Nb5 Na6 12. f4 O-O 13. e5 dxe5 14. fxe5 Qg6
15. Ne4 f5 16. exf6 Bxf6 17. Nxf6+ Rxf6 18. Rxf6 Qxf6 19. Rf1 Qg6 20. Nd6 Nc7
21. Qf3 Kh7 22. Qf7 Qxf7 23. Rxf7 Nd5 24. c4 Nf6 25. Re7 a6 26. Rxe6 b5 27. b3
b4 28. Nb7 Re8 29. Rxe8 Nxe8 30. Nxc5 Nc7 31. d4 a5 32. d5 g5 33. d6 1-0

[Event "AUTO-INT-1528"]
[Site "http://www.queenalice.com/game.php?id=688961"]
[Date "2009.11.26"]
[Round "1"]
[White "Marcos1"]
[Black "goldaric"]
[Result "0-1"]
[WhiteElo "1488"]
[BlackElo "1828"]

1. d4 Nc6 2. Nf3 d5 3. Bf4 Nf6 4. h3 Bf5 5. a3 e6 6. e3 Be7 7. Be2 O-O 8. O-O
Re8 9. Nc3 a6 10. g4 Be4 11. Ne5 Na5 12. f3 Bg6 13. Bd3 c5 0-1

[Event "AUTO-INT-1528"]
[Site "http://www.queenalice.com/game.php?id=688976"]
[Date "2009.11.26"]
[Round "1"]
[White "acm_chessmaster"]
[Black "Marcos1"]
[Result "1-0"]
[WhiteElo "1655"]
[BlackElo "1479"]

1. e4 e5 2. Bc4 Nf6 3. d3 Nc6 4. Bg5 h6 5. Bxf6 Qxf6 6. Qf3 Qg6 7. c3 d6 8. h4
h5 9. Nh3 Bg4 10. Qg3 O-O-O 11. Ng5 Rd7 12. Bb5 f6 13. Bxc6 bxc6 14. Nf3 c5 15.
Nh2 c6 16. Nxg4 hxg4 17. Qe3 a5 18. g3 d5 19. Nd2 d4 20. cxd4 cxd4 21. Qe2 Qh5
22. O-O-O g6 23. Nc4 Ra7 24. Kb1 c5 25. Nb6+ Kb7 26. Na4 f5 27. exf5 gxf5 28.
Qxe5 Rh7 29. Nxc5+ Bxc5 30. Qxc5 Rd7 31. Qb5+ Kc8 32. Rc1+ Kd8 33. Rhe1 Rdb7 34.
Qd5+ Rd7 35. Qg8+ 1-0

[Event "AUTO-INT-1528"]
[Site "http://www.queenalice.com/game.php?id=688977"]
[Date "2009.11.26"]
[Round "1"]
[White "Marcos1"]
[Black "acm_chessmaster"]
[Result "1-0"]
[WhiteElo "1466"]
[BlackElo "1677"]

1. d4 d5 2. Nc3 e6 3. e4 Bb4 4. e5 Bxc3+ 5. bxc3 Bd7 6. Nf3 h6 7. Bd3 a6 8. O-O
Bb5 9. Bxb5+ axb5 10. a3 c6 11. Nd2 Qa5 12. Bb2 Ne7 13. Nb3 Qd8 14. g4 b6 15. h4
g5 16. h5 O-O 17. f3 f5 18. Nd2 f4 19. Qe2 Nd7 20. Kh1 Ra4 21. Qf2 c5 22. dxc5
bxc5 23. Nb3 Qc7 24. Ra2 Rc8 25. Qe2 c4 26. Nd4 Qb6 27. Rb1 Qb8 28. Nxe6 Qxe5
29. Qxe5 Nxe5 30. Nd4 Ra5 31. Re1 N5c6 32. Re6 Nxd4 33. cxd4 Kg7 34. Rxe7+ Kg8
35. Rd7 b4 36. a4 Re8 37. c3 b3 38. Ra1 Re2 39. Ba3 Rxa4 40. Rxd5 Re3 41. Rd8+
Kg7 42. Bf8+ Kf7 43. Rxa4 Rxf3 44. Ra7+ Ke6 45. Rd6# 1-0

[Event "AUTO-INT-1528"]
[Site "http://www.queenalice.com/game.php?id=688986"]
[Date "2009.11.26"]
[Round "1"]
[White "DG"]
[Black "Marcos1"]
[Result "1-0"]
[WhiteElo "1561"]
[BlackElo "1448"]

1. e4 e6 2. d4 d5 3. f3 c6 4. Bf4 Nd7 5. Nc3 c5 6. dxc5 Nxc5 7. Bb5+ Bd7 8. Qd4
dxe4 9. fxe4 a6 10. Bxd7+ Nxd7 11. O-O-O f6 12. Bd6 e5 13. Qd5 Ra7 14. Nf3 Ne7
15. Bxe7 Bxe7 16. Rhf1 Nb6 17. Qe6 1-0

[Event "AUTO-INT-1528"]
[Site "http://www.queenalice.com/game.php?id=688987"]
[Date "2009.11.26"]
[Round "1"]
[White "Marcos1"]
[Black "DG"]
[Result "0-1"]
[WhiteElo "1437"]
[BlackElo "1572"]

1. d4 d5 2. c4 c6 3. Nf3 f6 4. e3 Bg4 5. Be2 Bxf3 6. gxf3 e5 7. dxe5 fxe5 8. Nc3
d4 9. Ne4 Bb4+ 10. Bd2 Na6 11. a3 Bxd2+ 12. Qxd2 Ne7 13. O-O-O O-O 14. Qd3 Nf5
15. Ng3 Nc5 16. Qc2 Qg5 17. Nxf5 Rxf5 18. Rdg1 Qf6 0-1